| 000 | 00615nam a2200181 a 4500 | ||
|---|---|---|---|
| 001 | 2614 | ||
| 003 | CDMR | ||
| 005 | 20131213134228.0 | ||
| 008 | 130130s1972||||||||||||||||||||||||||||d | ||
| 040 |
_aCDMR _bcat _cCDMR |
||
| 100 | 1 |
_aPérez Galdos, Benito _91955 |
|
| 245 | 1 | 4 |
_aLos artículos de Galdós en "La Nación" _b: 1865-1866, 1968 recogidos, ordenados y dados nuevamente a luz con un estudio preliminar _c[Benito Pérez Galdós] ; William H. Shoemaker |
| 260 |
_aMadrid _c1972 _bInsula |
||
| 300 | _a557 p. | ||
| 600 | 1 |
_91955 _aPérez Galdos, Benito |
|
| 700 | 1 |
_94523 _aShoemaker, William H. |
|
| 942 |
_cMON _2udc |
||
| 999 |
_c2614 _d2614 |
||